Parc de la Serralada de Marina
Publicado:
Barcelona :
Diputació de Barcelona. Àrea de Territori i Sostenibilitat. Gerència de Serveis d'Espais Naturals ,
2017
Descripción Física:
1 fulletó desplegable : il·lustracions ; 45 x 45 cm
Materias:
Parc de la Serralada de Marina (Catalunya)
; Parc de la Serralada de Marina (Catalunya) -- Guies
Idioma:
Catalán
MARC
| LEADER | 00000nam a22000007a 4500 | ||
|---|---|---|---|
| 001 | 25502 | ||
| 008 | 220516b spa||||| |||| 00| 0 cat d | ||
| 080 | |a FU-69-14 | ||
| 110 | 1 | |9 10205 |a Parc de la Serralada de Marina (Catalunya) | |
| 245 | |a Parc de la Serralada de Marina | ||
| 260 | |a Barcelona : |b Diputació de Barcelona. Àrea de Territori i Sostenibilitat. Gerència de Serveis d'Espais Naturals, |c 2017 | ||
| 300 | |a 1 fulletó desplegable : |b il·lustracions ; |c 45 x 45 cm | ||
| 610 | 1 | 0 | |9 10205 |a Parc de la Serralada de Marina (Catalunya) |
| 610 | 1 | 0 | |9 52709 |a Parc de la Serralada de Marina (Catalunya) |v Guies |
| 710 | 1 | |9 7250 |a Barcelona (Catalunya : Província). |b Xarxa de Parcs Naturals | |
| 710 | 1 | |9 52730 |a Barcelona (Catalunya : Província). |b Gerència de Serveis d’Espais Naturals | |
| 942 | |2 udc |c ARXIU |n 1 | ||
| 952 | |0 0 |1 0 |4 0 |6 FU6914 |7 1 |9 61683 |a Arxiu |b Arxiu |d 2022-05-16 |l 0 |o FU-69-14 |p 25502 |r 2022-05-16 00:00:00 |w 2022-05-16 |y ARXIU | ||
| 999 | |c 81575 |d 81575 | ||